|
|
|
|
| LEADER |
00000nam a2200000 4500 |
| 008 |
200221b2018 cr ||||| |||| 00| | spa d |
| 999 |
|
|
|c 3890
|d 3890
|
| 020 |
|
|
|a 9789977655031
|
| 090 |
|
|
|a 04.02.04
|b 2580
|
| 100 |
|
|
|9 4675
|a Ramírez Caro, Jorge
|
| 245 |
1 |
3 |
|a El racismo entra y sale de la escuela : análisis de textos escolares de estudios sociales /
|c Jorge Ramírez Caro
|
| 260 |
|
|
|a Heredia, Costa Rica :
|b EUNA,
|c impresión de 2018.
|
| 300 |
|
|
|a 225 páginas;
|b ilustraciones (principalmente a color)
|
| 650 |
1 |
0 |
|a DISCRIMINACIÓN RACIAL
|9 325
|
| 650 |
1 |
4 |
|9 675
|a ESTUDIOS SOCIALES
|
| 650 |
1 |
4 |
|9 1746
|a LIBROS DE TEXTO
|
| 942 |
|
|
|i 004625
|h 04.02.04 2580
|2 z
|c 01
|